Specters of Marx : (Record no. 15277)
[ view plain ]
| 000 -LEADER | |
|---|---|
| fixed length control field | 01493cam a2200349 a 4500 |
| 001 - CONTROL NUMBER | |
| control field | 1596875 |
| 005 - DATE AND TIME OF LATEST TRANSACTION | |
| control field | 20060724083202.0 |
| 008 - FIXED-LENGTH DATA ELEMENTS--GENERAL INFORMATION | |
| fixed length control field | 940518s1994 nyu b 001 0 eng |
| 010 ## - LIBRARY OF CONGRESS CONTROL NUMBER | |
| LC control number | 94020564 |
| 020 ## - INTERNATIONAL STANDARD BOOK NUMBER | |
| International Standard Book Number | 0415389577 |
| 020 ## - INTERNATIONAL STANDARD BOOK NUMBER | |
| International Standard Book Number | 9780415389570 |
| Terms of availability | $16.95 |
| 040 ## - CATALOGING SOURCE | |
| Original cataloging agency | DLC |
| Transcribing agency | DLC |
| Modifying agency | DLC |
| 041 1# - LANGUAGE CODE | |
| Language code of text/sound track or separate title | eng |
| Language code of original and/or intermediate translations of text | fre |
| 050 00 - LIBRARY OF CONGRESS CALL NUMBER | |
| Classification number | HX39.5 |
| Item number | .D4613 1994 |
| 082 00 - DEWEY DECIMAL CLASSIFICATION NUMBER | |
| Classification number | 335.4 |
| Edition number | 22 |
| Item number | DER |
| 100 1# - MAIN ENTRY--PERSONAL NAME | |
| Personal name | Derrida, Jacques. |
| 9 (RLIN) | 23798 |
| 240 10 - UNIFORM TITLE | |
| Uniform title | <a href="Spectres de Marx.">Spectres de Marx.</a> |
| Language of a work | English |
| 245 10 - TITLE STATEMENT | |
| Title | Specters of Marx : |
| Remainder of title | The State of the Debt, the Work of Mourning, and the New International / |
| Statement of responsibility, etc | Jacques Derrida ; translated by Peggy Kamuf ; with an introduction by Bernd Magnus and Stephen Cullenberg. |
| 260 ## - PUBLICATION, DISTRIBUTION, ETC. (IMPRINT) | |
| Place of publication, distribution, etc | New York : |
| Name of publisher, distributor, etc | Routledge, 2006 |
| Date of publication, distribution, etc | 2006 |
| 300 ## - PHYSICAL DESCRIPTION | |
| Extent | xx, 258 p. ; |
| Dimensions | 24 cm. |
| 490 ## - Series Statement | |
| -- | 4645 |
| Series statement | Routledge classics |
| 500 ## - GENERAL NOTE | |
| General note | Translated from French. |
| 504 ## - BIBLIOGRAPHY, ETC. NOTE | |
| Bibliography, etc | Includes bibliographical references (p. 177-196) and index. |
| 600 10 - SUBJECT ADDED ENTRY--PERSONAL NAME | |
| Personal name | Marx, Karl, |
| Dates associated with a name | 1818-1883. |
| 9 (RLIN) | 23799 |
| 650 #0 - SUBJECT ADDED ENTRY--TOPICAL TERM | |
| Topical term or geographic name as entry element | Communism. |
| 9 (RLIN) | 23800 |
| 650 #0 - SUBJECT ADDED ENTRY--TOPICAL TERM | |
| Topical term or geographic name as entry element | Post-communism. |
| 9 (RLIN) | 23801 |
| 653 ## - INDEX TERM--UNCONTROLLED | |
| Resource For college | |
| Arrived date list | May2011 |
| 856 42 - ELECTRONIC LOCATION AND ACCESS | |
| Materials specified | Publisher description |
| Uniform Resource Identifier | <a href="http://www.loc.gov/catdir/enhancements/fy0664/94020564-d.html">http://www.loc.gov/catdir/enhancements/fy0664/94020564-d.html</a> |
| 942 ## - ADDED ENTRY ELEMENTS (KOHA) | |
| Source of classification or shelving scheme | Dewey Decimal Classification |
| Item type | Book - Borrowing |
| Withdrawn status | Item status | Source of classification or shelving scheme | Damaged status | Not for loan | Vendor | Home library | Current library | Shelving location | Date acquired | Source of acquisition | Cost, normal purchase price | Serial Enumeration / chronology | Total Checkouts | Total Renewals | Full call number | Barcode | Date last seen | Date last borrowed | Koha item type |
|---|---|---|---|---|---|---|---|---|---|---|---|---|---|---|---|---|---|---|---|
| Dewey Decimal Classification | Baccah | Central Library | Central Library | First floor | 12/05/2011 | 155.00 | 12250 | 1 | 1 | 335.4 DER | 000023548 | 15/07/2025 | 22/04/2014 | Book - Borrowing |